000 00673nam a22002297a 4500
001 BR6001715
003 BR-BrBNA
005 20230928083103.0
007 ta
008 230509b bl.||||| |||| 00| 0 por d
040 _aBR-BrBNA
_bpor
_cBiblioteca Nacional de Agricultura
041 _a(Por)
072 _aE10
_b/G514
090 _ E10 BR6001715
110 1 _aMinisterio da Educacao e Cultura, Rio de Janeiro, GB (Brasil)
_97019
245 1 _aReforma agraria no ambito internacional. Subsidios para o Brasil
260 3 _aRio de Janeiro, GB (Brasil):
_c1959.
300 _a83 p.
650 _aReforma agraria
909 _a202309
_bLucia
_c55
_dLucia Elande
942 _cBK
999 _c11497
_d11497